00808nam a22002417a 450000100060000000300080000600500170001400800410003103500190007204000260009104100080011708200220012524501240014726000390027130000170031050501090032765000140043670000230045070000240047370000220049770000220051970000250054174709BD-RjUL20211209082606.0181124s1967 n ||||| |||| 00| 0 eng d a(BD-RjUL)74927 aBD-RjULbengcBD-RjUL aeng 223a540bUND 1967 aUnderstanding chemistry /cGordon M. Barrow, Malcolm E. Kenney, Jean D. Lassila, Robert L. Litle and Warren E. Thompson aN.Y. : bW.A. Benjamin, Inc.c1967 av. ;c22 cm.01av. 2 Chemical bonding -- v. 5 Chemical systems Thermochemistry, kinetics, and colligative properties -- aChemistry aBarrow, Gordon M.  aKenney, Malcolm E.  aLassila, Jean D.  a Litle, Robert L. aThompson, Warren E.